| 000 | 004640000a22001930004500 | ||
|---|---|---|---|
| 003 | LK-CoMWRAF | ||
| 005 | 20230929232148.0 | ||
| 008 | 230817t ||||| |||| 00| 0 eng d | ||
| 020 | _a8124203180 | ||
| 040 |
_aLK-CoMWRAF _dLK-CoMWRAF _eLK-CoMWRAF |
||
| 041 | _aeng | ||
| 082 |
_a297 _bCHA |
||
| 100 | _aChander, S. | ||
| 245 | _aReligion | ||
| 260 |
_aNew Delhi (India) : _bIndiana Books, _c2003 |
||
| 300 | _a112p | ||
| 650 | _aIslam--Religion | ||
| 942 | _cBK | ||
| 999 |
_c1406 _d1406 |
||